| 000 | 00745nam a2200205Ia 4500 | ||
|---|---|---|---|
| 999 |
_c18962 _d18962 |
||
| 082 | _aTI.0031 | ||
| 100 | _aIndwar, Ramesh Prasad | ||
| 245 | 0 | _aRecruitment of managerial personnel in public undertakings : A case study of Hindustan Steel Limited | |
| 260 |
_c1978 _bRanchi University |
||
| 300 | _a509p. | ||
| 650 | _aINDUSTRIAL RELATIONS///PERSONNEL DIRECTORS | ||
| 650 | _aPERSONNEL MANAGERS//PERSONNEL DIRECTORS | ||
| 650 | _aEXECUTIVES - RECRUITING | ||
| 650 | _aHINDUSTAN STEEL LIMITED - EMPLOYEES - RECRUITING | ||
| 650 | _aSTEEL INDUSTRY AND TRADE///HINDUSTAN STEEL LIMITED | ||
| 650 | _aPERSONNEL DIRECTORS - RECRUITING | ||
| 650 | _aPERSONNEL MANAGEMENT///PERSONNEL DIRECTORS | ||
| 710 | _aTrivedi, R.N. | ||
| 942 |
_cTH _2ddc |
||